[Event "XXIX Cracovia 2018"]
[Site "Krakow"]
[Date "2018.12.27"]
[Round "1"]
[White "Kepowicz, Artur"]
[Black "Romashov, Anton"]
[Result "0-1"]
[WhiteElo "1869"]
[BlackElo "2076"]
[Annotator "NA"]
[PlyCount "136"]
[EventDate "2018.12.27"]
[EventType "swiss"]
[EventCountry "POL"]
[SourceTitle "playchess.com"]
[Source "ChessBase"]
[SourceQuality "1"]
[TimeControl "40/5400+30:1800+30"]

1. e4 c5 2. Nf3 g6 3. d4 cxd4 4. Nxd4 Bg7 5. Be3 Nf6 6. Nc3 Nc6 7. Be2 O-O 8. O-O d5 9. exd5 Nxd5 10. Nxd5 Qxd5 11. Bf3 Qc4 12. Nxc6 bxc6 13. c3 Be6 14. Be2 Qe4 15. Bf3 Qc4 16. Be2 Qh4 {[%emt 1:38:00]} 17. g3 Qh3 18. Bf3 Rfd8 19. Qe2 Bd5 20. Rfd1 Qf5 21. Bxd5 cxd5 22. Rd2 Rd7 23. Rad1 Rad8 24. Qb5 e5 25. Qd3 Qe6 26. f4 d4 27. cxd4 exd4 28. Bf2 Qxa2 29. h4 Qd5 30. Ra1 Rb7 31. Ra4 Rb3 32. Qc4 Qxc4 33. Rxc4 d3 34. Bxa7 Bxb2 35. Kf2 Bc3 36. Rd1 Rb2+ 37. Kf3 Rc2 38. Be3 f5 39. Rc5 Rd7 40. Rc8+ Kf7 41. Rc6 Ke8 42. Rc8+ Ke7 43. Rc6 Bb2 44. Ra6 d2 45. Ke2 Bc1 46. Ra7 Rxa7 47. Bxa7 Ke6 48. h5 Kd5 49. hxg6 hxg6 50. Rh1 Ra2 51. Rh7 Ra6 52. Bf2 Re6+ 53. Kd1 Ke4 54. Ke2 Ba3 55. Rd7 Bd6 56. Rb7 d1=Q+ 57. Kxd1 Kf3 58. Be1 Bc5 59. Rb3+ Be3 60. Rd3 Re4 61. Bd2 Kf2 62. Be1+ Kf1 63. Bc3 Re6 64. Be5 Kf2 65. Kc2 Rc6+ 66. Kb2 Ke2 67. Rd8 Bf2 68. Kb3 Bxg3 0-1

[Event "XXIX Cracovia 2018"]
[Site "Krakow"]
[Date "2018.12.27"]
[Round "1"]
[White "Shamatava, Nikolozi"]
[Black "Slezinski, Nikodem"]
[Result "1-0"]
[WhiteElo "1866"]
[BlackElo "2074"]
[Annotator "NA"]
[PlyCount "153"]
[EventDate "2018.12.27"]
[EventType "swiss"]
[EventCountry "POL"]
[SourceTitle "playchess.com"]
[Source "ChessBase"]
[SourceQuality "1"]
[TimeControl "40/5400+30:1800+30"]

1. d4 {[%emt 0:00:00]} Nf6 {[%emt 0:00:00]} 2. Nf3 {[%emt 0:00:00]} d5 {[%emt 0:00:00]} 3. g3 {[%emt 0:00:04]} e6 {[%emt 0:00:00]} 4. Bg2 {[%emt 0:00:06]} Be7 {[%emt 0:00:00]} 5. O-O {[%emt 0:00:36]} O-O {[%emt 0:00:00]} 6. c4 {[%emt 0:01:27]} dxc4 {[%emt 0:01:47]} 7. Qc2 {[%emt 0:00:19]} a6 {[%emt 0:00:01]} 8. a4 {[%emt 0:00:24]} Bd7 {[%emt 0:00:02]} 9. Ne5 {[%emt 0:08:11]} Bc6 {[%emt 0:00:37]} 10. Nxc6 {[%emt 0:12:24]} Nxc6 {[%emt 0:00:30]} 11. e3 {[%emt 0:02:31]} Na5 {[%emt 0:08:14]} 12. Nd2 {[%emt 0:02:29]} c5 {[%emt 0:00:15]} 13. Nxc4 {[%emt 0:10:15]} cxd4 {[%emt 0:06:33]} 14. Nxa5 {[%emt 0:01:19]} Qxa5 {[%emt 0:00:03]} 15. exd4 {[%emt 0:00:10]} Rac8 {[%emt 0:13:36]} 16. Qb3 {[%emt 0:05:19]} b6 {[%emt 0:07:19]} 17. Qd3 {[%emt 0:00:53]} Rfd8 {[%emt 0:11:44]} 18. Be3 {[%emt 0:13:38]} Nd5 {[%emt 0:10:56]} 19. Be4 {[%emt 0:11:52]} g6 {[%emt 0:01:22]} 20. Rfd1 {[%emt 0:06:22]} Bb4 {[%emt 0:10:02]} 21. Qb3 {[%emt 0:08:56]} Rc7 {[%emt 0:09:26]} 22. Bxd5 {[%emt 0:09:35]} Rxd5 {[%emt 0:04:39]} 23. Bf4 {[%emt 0:00:59]} Rcd7 {[%emt 0:05:28]} 24. Qc4 {[%emt 0:01:31]} b5 {[%emt 0:05:56]} 25. axb5 {[%emt 0:00:25]} Qxb5 {[%emt 0:00:02]} 26. Qc8+ {[%emt 0:00:51]} Rd8 {[%emt 0:02:44]} 27. Qxa6 {[%emt 0:00:08]} Qxa6 {[%emt 0:00:42]} 28. Rxa6 {[%emt 0:00:02]} e5 {[%emt 0:01:21]} 29. Bg5 {[%emt 0:01:05]} R8d6 {[%emt 0:00:37]} 30. Rxd6 {[%emt 0:01:07]} Rxd6 {[%emt 0:00:32]} 31. Be7 {[%emt 0:01:13]} Rb6 {[%emt 0:00:01]} 32. Bxb4 {[%emt 0:00:02]} Rxb4 {[%emt 0:00:01]} 33. dxe5 {[%emt 0:00:10]} Rxb2 {[%emt 0:00:18]} 34. Kg2 {[%emt 0:00:41]} Re2 {[%emt 0:00:50]} 35. Rd5 {[%emt 0:00:07]} Kf8 {[%emt 0:00:59]} 36. Kf3 {[%emt 0:01:20]} Re1 {[%emt 0:00:01]} 37. Kf4 {[%emt 0:00:31]} Re2 {[%emt 0:00:33]} 38. Kf3 {[%emt 0:00:20]} Re1 {[%emt 0:00:01]} 39. h4 {[%emt 0:00:07]} Ke7 {[%emt 0:01:26]} 40. Ra5 {[%emt 0:00:00]} Ke6 {[%emt 0:00:00]} 41. Kf4 {[%emt 0:03:06]} h5 {[%emt 0:02:28]} 42. f3 {[%emt 0:02:45]} Rh1 {[%emt 0:06:59]} 43. Ra6+ {[%emt 0:04:28]} Ke7 {[%emt 0:00:01]} 44. Ra3 {[%emt 0:02:21]} Rh3 {[%emt 0:03:36]} 45. Rb3 {[%emt 0:01:57]} Ke6 {[%emt 0:01:09]} 46. Rb6+ {[%emt 0:04:29]} Ke7 {[%emt 0:00:02]} 47. Rb2 {[%emt 0:00:09]} Ke6 {[%emt 0:01:24]} 48. Rg2 {[%emt 0:00:09]} Rh1 {[%emt 0:00:20]} 49. Re2 {[%emt 0:00:49]} Rh3 {[%emt 0:00:14]} 50. Re1 {[%emt 0:00:51]} Rh2 {[%emt 0:02:40]} 51. Kg5 {[%emt 0:02:14]} Rh3 {[%emt 0:00:10]} 52. Kf4 {[%emt 0:02:05]} Rh2 {[%emt 0:00:03]} 53. Re3 {[%emt 0:00:06]} Rh3 {[%emt 0:01:26]} 54. Rb3 {[%emt 0:00:19]} Rh1 {[%emt 0:03:35]} 55. Kg5 {[%emt 0:01:12]} Ra1 {[%emt 0:08:14]} 56. f4 {[%emt 0:00:13]} Ra6 {[%emt 0:00:20]} 57. Rd3 {[%emt 0:01:57]} Ke7 {[%emt 0:00:02]} 58. Kh6 {[%emt 0:03:22]} Kf8 {[%emt 0:06:57]} 59. Rb3 {[%emt 0:02:22]} Ra8 {[%emt 0:00:41]} 60. e6 {[%emt 0:01:27]} Ra6 {[%emt 0:00:09]} 61. exf7 {[%emt 0:04:20]} Kxf7 {[%emt 0:00:02]} 62. Rb5 {[%emt 0:00:23]} Rc6 {[%emt 0:01:11]} 63. Kg5 {[%emt 0:01:16]} Rc3 {[%emt 0:00:35]} 64. Rb7+ {[%emt 0:00:27]} Ke6 {[%emt 0:00:25]} 65. Rb6+ {[%emt 0:00:24]} Kd5 {[%emt 0:00:26]} 66. Rxg6 {[%emt 0:00:28]} Rxg3+ {[%emt 0:00:06]} 67. Kxh5 {[%emt 0:00:06]} Rf3 {[%emt 0:00:46]} 68. Kg4 {[%emt 0:00:11]} Rf1 {[%emt 0:00:07]} 69. Kf5 {[%emt 0:00:05]} Rh1 {[%emt 0:00:38]} 70. Rh6 {[%emt 0:00:19]} Kd4 {[%emt 0:00:45]} 71. Kf6 {[%emt 0:00:58]} Ke4 {[%emt 0:00:24]} 72. f5 {[%emt 0:00:18]} Rf1 {[%emt 0:00:48]} 73. Rh5 {[%emt 0:00:09]} Ra1 {[%emt 0:00:36]} 74. Kg6 {[%emt 0:01:22]} Rg1+ {[%emt 0:00:31]} 75. Rg5 {[%emt 0:00:07]} Rh1 {[%emt 0:00:19]} 76. h5 {[%emt 0:00:04]} Ke5 {[%emt 0:00:15]} 77. h6 {[%emt 0:00:19]} 1-0

[Event "XXIX Cracovia 2018"]
[Site "Krakow"]
[Date "2018.12.28"]
[Round "2"]
[White "Klekowski, Maciej"]
[Black "Kaczmarska, Joanna"]
[Result "1-0"]
[WhiteElo "2499"]
[BlackElo "1980"]
[Annotator "RC"]
[PlyCount "63"]
[EventDate "2018.12.27"]
[EventType "swiss"]
[EventCountry "POL"]
[SourceTitle "playchess.com"]
[Source "ChessBase"]
[SourceQuality "1"]
[TimeControl "40/5400+30:1800+30"]

1. Nf3 d5 2. c4 e6 3. g3 Nf6 4. Bg2 Bd6 5. O-O O-O 6. d4 b6 7. cxd5 exd5 8. Nc3 c6 9. Ne5 Qe7 10. Nd3 Ne4 11. Bf4 Bxf4 12. Nxf4 f5 13. Rc1 Bb7 14. Nd3 Nd7 15. Re1 Ndf6 16. e3 c5 17. dxc5 bxc5 18. Nxe4 dxe4 19. Nxc5 Bd5 20. Re2 Rfd8 21. Qa4 Ng4 22. Rd2 Ne5 23. b4 Nf3+ 24. Bxf3 exf3 25. Rcd1 f4 26. Rxd5 fxe3 27. Rxd8+ Rxd8 28. Rxd8+ Qxd8 29. fxe3 Qe7 30. Qb3+ Kh8 31. Qe6 Qf8 32. Kf2 1-0

[Event "XXIX Cracovia 2018"]
[Site "Krakow"]
[Date "2018.12.28"]
[Round "2"]
[White "Golubka, Petro"]
[Black "Kyc, Jerzy"]
[Result "0-1"]
[WhiteElo "2464"]
[BlackElo "2280"]
[Annotator "TA"]
[PlyCount "74"]
[EventDate "2018.12.27"]
[EventType "swiss"]
[EventCountry "POL"]
[SourceTitle "playchess.com"]
[Source "ChessBase"]
[SourceQuality "1"]

{[%evp 15,74,2,6,-12,-16,-6,-2,-104,-53,-58,-64,-58,-58,-97,-13,-16,-16,-58,-39,-59,-39,-53,-39,-35,-43,-41,-42,-96,-104,-92,-51,-95,-94,-99,-99,-125,-131,-179,-186,-216,-222,-218,-210,-206,-206,-222,-211,-261,-250,-354,-375,-367,-366,-347,-349,-483,-482,-29969,-29968,-29988,-29988]} 1. e4 c5 2. Nf3 d6 3. d4 cxd4 4. Nxd4 Nf6 5. Nc3 a6 6. h4 {B90: Sicilian Najdorf: Unusual White 6th moves, 6 Be3 Ng4 and 6 Be3 e5} (6. Bg5 e6 7. f4 Qb6 8. Nb3 Nbd7 9. Qe2 Qc7 10. O-O-O b5 11. a3 Be7 12. g4 h6 13. Bh4 Rb8 14. Be1 g5 15. f5 Ne5 16. h4 Nfxg4 17. hxg5 Bxg5+ 18. Bd2 {1-0 (64) Grischuk,A (2769)-Vachier Lagrave,M (2780) Douglas 2018}) 6... e5 7. Nb3 Be7 8. Bg5 Nbd7 {LiveBook: 11 Games} 9. g4 h6 10. Be3 b5 11. Bg2 (11. a3 $11) 11... b4 $146 (11... Nb6 $1 $17 12. Bf3 Nc4) ({Predecessor:} 11... Nb6 12. Bxb6 Qxb6 13. Bf3 Be6 {½-½ (69) Shrutarshi,R (1856)-Pranavananda,V (2166) Mumbai 2017}) 12. Nd5 $15 Nxd5 $1 13. Qxd5 Rb8 14. Qa5 {[#]} Bxh4 (14... Nb6 $1 $17 15. Bf1 Bxg4) 15. O-O-O $11 Be7 16. Kb1 Nb6 $1 17. g5 {[%cal Rg5h6]} Bxg5 18. Bxg5 Qxg5 19. Bf1 O-O 20. Rxd6 Nd7 $1 {[%cal Bb6d7,Bd7f6,Bf6h5,Bh5f4,Bf4e6,Be6d4][%mdl 32]} 21. Qd5 ({White should try} 21. Bc4 $15) 21... Nf6 $17 22. Qd3 Nh5 23. Nc5 Nf4 $36 {[%mdl 2048] Black has strong initiative.} 24. Qd2 a5 25. b3 Be6 26. Nxe6 Nxe6 ({Don't do} 26... fxe6 27. Bc4 $15) 27. Qd5 Rbd8 28. Bc4 Rxd6 29. Qxd6 {[#]} Nd4 $1 30. Rd1 Qg4 31. Re1 Qf4 32. a3 (32. Qc5 $142) 32... Qxf2 33. Rc1 bxa3 34. Qxa3 Qd2 35. Qe7 {[#]} a4 $1 {[%cal Ba5a4,Ba4a3][%mdl 32] Strongly threatening ...axb3.} 36. Qxe5 (36. Qa3 $19 axb3 37. Bxb3) (36. bxa4 Rb8+) 36... a3 37. Bd5 Qc3 {Accuracy: White = 32%, Black = 71%.} 0-1

[Event "XXIX Cracovia 2018"]
[Site "Krakow"]
[Date "2018.12.28"]
[Round "2"]
[White "Tomczak, Mikolaj"]
[Black "Goluch, Piotr"]
[Result "1/2-1/2"]
[WhiteElo "2442"]
[BlackElo "2273"]
[Annotator "NA"]
[PlyCount "31"]
[EventDate "2018.12.27"]
[EventType "swiss"]
[EventCountry "POL"]
[SourceTitle "playchess.com"]
[Source "ChessBase"]
[SourceQuality "1"]
[TimeControl "40/5400+30:1800+30"]

1. c4 {[%emt 0:00:00]} Nf6 {[%emt 0:00:00]} 2. Nc3 {[%emt 0:01:23]} g6 {[%emt 0:00:49]} 3. d4 {[%emt 0:00:15]} Bg7 {[%emt 0:00:08]} 4. Nf3 {[%emt 0:00:11]} O-O {[%emt 0:00:09]} 5. g3 {[%emt 0:00:04]} c6 {[%emt 0:00:02]} 6. Bg2 {[%emt 0:00:18]} d5 {[%emt 0:00:06]} 7. cxd5 {[%emt 0:00:06]} cxd5 {[%emt 0:00:01]} 8. Ne5 {[%emt 0:00:06]} e6 {[%emt 0:00:05]} 9. O-O {[%emt 0:00:06]} Nfd7 {[%emt 0:00:13]} 10. f4 {[%emt 0:00:26]} Nc6 {[%emt 0:00:04]} 11. Be3 {[%emt 0:00:13]} Ne7 {[%emt 0:00:03]} 12. Bf2 {[%emt 0:00:22]} b6 {[%emt 0:00:18]} 13. Rc1 {[%emt 0:07:50]} Nf6 {[%emt 0:11:24]} 14. g4 {[%emt 0:02:28]} Bb7 {[%emt 0:01:47]} 15. Bh4 {[%emt 0:00:46]} Ne8 {[%emt 0:22:37]} 16. e3 {[%emt 0:03:58]} 1/2-1/2

[Event "XXIX Cracovia 2018"]
[Site "Krakow"]
[Date "2018.12.28"]
[Round "2"]
[White "Lewtak, Damian"]
[Black "Gombocz, Ferenc Jr."]
[Result "1/2-1/2"]
[WhiteElo "2393"]
[BlackElo "2263"]
[Annotator "NA"]
[PlyCount "56"]
[EventDate "2018.12.27"]
[EventType "swiss"]
[EventCountry "POL"]
[SourceTitle "playchess.com"]
[Source "ChessBase"]
[SourceQuality "1"]
[TimeControl "40/5400+30:1800+30"]

1. Nf3 {[%emt 0:00:00]} d5 {[%emt 0:00:00]} 2. g3 {[%emt 0:00:00]} Nf6 {[%emt 0:00:06]} 3. Bg2 {[%emt 0:00:00]} Bf5 {[%emt 0:05:02]} 4. c4 {[%emt 0:02:36]} e6 {[%emt 0:01:03]} 5. cxd5 {[%emt 0:02:40]} exd5 {[%emt 0:00:50]} 6. O-O {[%emt 0:00:15]} Be7 {[%emt 0:04:21]} 7. d3 {[%emt 0:02:02]} O-O {[%emt 0:00:49]} 8. Nh4 {[%emt 0:03:20]} Be6 {[%emt 0:02:53]} 9. e4 {[%emt 0:07:58]} c6 {[%emt 0:04:43]} 10. h3 {[%emt 0:04:00]} Qc8 {[%emt 0:06:17]} 11. Kh2 {[%emt 0:03:21]} dxe4 {[%emt 0:01:19]} 12. dxe4 {[%emt 0:00:02]} Bc4 {[%emt 0:00:27]} 13. Re1 {[%emt 0:00:53]} Rd8 {[%emt 0:00:35]} 14. Nd2 {[%emt 0:06:44]} Na6 {[%emt 0:08:33]} 15. Qf3 {[%emt 0:17:34]} Be6 {[%emt 0:03:32]} 16. a3 {[%emt 0:00:35]} Nc5 {[%emt 0:01:22]} 17. Re3 {[%emt 0:01:28]} Ncd7 {[%emt 0:07:03]} 18. Qe2 {[%emt 0:03:44]} Bc5 {[%emt 0:02:03]} 19. Rd3 {[%emt 0:03:53]} Ne5 {[%emt 0:06:19]} 20. Rxd8+ {[%emt 0:04:27]} Qxd8 {[%emt 0:00:07]} 21. f4 {[%emt 0:02:06]} Qd4 {[%emt 0:08:33]} 22. Qf1 {[%emt 0:00:21]} Neg4+ {[%emt 0:06:35]} 23. hxg4 {[%emt 0:00:07]} Nxg4+ {[%emt 0:00:08]} 24. Kh1 {[%emt 0:00:04]} Nf2+ {[%emt 0:00:26]} 25. Kh2 {[%emt 0:00:08]} Ng4+ {[%emt 0:00:33]} 26. Kh1 {[%emt 0:00:05]} Nf2+ {[%emt 0:13:15]} 27. Kh2 {[%emt 0:00:06]} Ng4+ {[%emt 0:00:06]} 28. Kh1 {[%emt 0:00:07]} Nf2+ {[%emt 0:01:31]} 1/2-1/2

[Event "XXIX Cracovia 2018"]
[Site "Krakow"]
[Date "2018.12.28"]
[Round "2"]
[White "Eggink, Ryszard"]
[Black "Kusnetsov, Sergey"]
[Result "1-0"]
[WhiteElo "2343"]
[BlackElo "2257"]
[Annotator "NA"]
[PlyCount "80"]
[EventDate "2018.12.27"]
[EventType "swiss"]
[EventCountry "POL"]
[SourceTitle "playchess.com"]
[Source "ChessBase"]
[SourceQuality "1"]
[TimeControl "40/5400+30:1800+30"]

1. d4 {[%emt 0:00:00]} f5 {[%emt 0:00:04]} 2. c4 {[%emt 0:00:00]} Nf6 {[%emt 0:00:07]} 3. Nc3 {[%emt 0:00:00]} d6 {[%emt 0:00:15]} 4. Bg5 {[%emt 0:00:39]} Nbd7 {[%emt 0:00:33]} 5. Qc2 {[%emt 0:00:27]} g6 {[%emt 0:00:22]} 6. h4 {[%emt 0:01:12]} Bg7 {[%emt 0:01:55]} 7. e3 {[%emt 0:01:22]} c6 {[%emt 0:03:39]} 8. Nh3 {[%emt 0:00:19]} Qa5 {[%emt 0:04:16]} 9. O-O-O {[%emt 0:02:10]} e5 {[%emt 0:02:36]} 10. dxe5 {[%emt 0:11:12]} dxe5 {[%emt 0:00:12]} 11. Be2 {[%emt 0:03:33]} h6 {[%emt 0:01:42]} 12. Bxf6 {[%emt 0:02:30]} Nxf6 {[%emt 0:00:04]} 13. g4 {[%emt 0:05:08]} O-O 14. g5 {[%emt 0:07:25]} Ne4 {[%emt 0:13:40]} 15. Nxe4 {[%emt 0:07:53]} fxe4 {[%emt 0:00:11]} 16. gxh6 {[%emt 0:00:10]} Bxh6 {[%emt 0:00:59]} 17. Rdg1 {[%emt 0:02:30]} Qxa2 {[%emt 0:07:04]} 18. Rxg6+ {[%emt 0:05:13]} Kh7 {[%emt 0:00:47]} 19. Rg2 {[%emt 0:00:05]} Qa1+ {[%emt 0:02:25]} 20. Qb1 {[%emt 0:00:05]} Qxb1+ {[%emt 0:00:44]} 21. Kxb1 {[%emt 0:00:01]} Bxh3 {[%emt 0:03:24]} 22. Rxh3 {[%emt 0:00:01]} Rad8 {[%emt 0:03:42]} 23. Kc1 {[%emt 0:07:19]} Rd6 {[%emt 0:00:54]} 24. Bd1 {[%emt 0:00:10]} Rdf6 {[%emt 0:00:35]} 25. Rhh2 {[%emt 0:00:17]} b5 {[%emt 0:05:32]} 26. b3 {[%emt 0:00:19]} a5 {[%emt 0:04:56]} 27. Bc2 {[%emt 0:00:08]} Kh8 {[%emt 0:01:01]} 28. Bxe4 {[%emt 0:01:50]} a4 {[%emt 0:00:44]} 29. Kb2 {[%emt 0:08:53]} axb3 {[%emt 0:03:47]} 30. Kxb3 {[%emt 0:01:31]} bxc4+ {[%emt 0:01:05]} 31. Kxc4 {[%emt 0:00:01]} Ra8 {[%emt 0:05:58]} 32. Bc2 {[%emt 0:03:29]} Rd8 {[%emt 0:15:45]} 33. h5 {[%emt 0:03:27]} Rd2 {[%emt 0:07:30]} 34. Kc3 {[%emt 0:00:04]} Rd7 {[%emt 0:01:59]} 35. Rg6 {[%emt 0:14:29]} Rxg6 {[%emt 0:01:37]} 36. hxg6 {[%emt 0:00:05]} Kg7 {[%emt 0:00:26]} 37. Be4 {[%emt 0:02:53]} Rd1 {[%emt 0:01:44]} 38. Rh5 {[%emt 0:01:48]} Rf1 {[%emt 0:01:49]} 39. f3 {[%emt 0:00:31]} Re1 {[%emt 0:04:14]} 40. Rxe5 {[%emt 0:00:00]} Bxe3 1-0

[Event "XXIX Cracovia 2018"]
[Site "Krakow"]
[Date "2018.12.28"]
[Round "2"]
[White "Szpar, Milosz"]
[Black "Kozak, Antoni"]
[Result "1/2-1/2"]
[WhiteElo "2339"]
[BlackElo "2236"]
[Annotator "NA"]
[PlyCount "45"]
[EventDate "2018.12.27"]
[EventType "swiss"]
[EventCountry "POL"]
[SourceTitle "playchess.com"]
[Source "ChessBase"]
[SourceQuality "1"]
[TimeControl "40/5400+30:1800+30"]

1. d4 d5 2. c4 e6 3. Nf3 Nf6 4. Nc3 dxc4 5. e4 Bb4 6. Bg5 c5 7. Bxc4 cxd4 8. Nxd4 Qa5 9. Bxf6 Bxc3+ 10. bxc3 Qxc3+ 11. Kf1 gxf6 12. Bb5+ Ke7 13. Rc1 Qa5 14. e5 fxe5 15. Qh5 Nd7 16. Qg5+ Kf8 17. Rxc8+ Rxc8 18. Bxd7 Qd8 19. Nxe6+ fxe6 20. Qh6+ Ke7 21. Qxe6+ Kf8 22. Qh6+ Ke7 23. Qe6+ 1/2-1/2

[Event "XXIX Cracovia 2018"]
[Site "Krakow"]
[Date "2018.12.28"]
[Round "2"]
[White "Naboka, Sergey"]
[Black "Ustinov, Alexey"]
[Result "0-1"]
[WhiteElo "2324"]
[BlackElo "2232"]
[Annotator "NA"]
[PlyCount "108"]
[EventDate "2018.12.27"]
[EventType "swiss"]
[EventCountry "POL"]
[SourceTitle "playchess.com"]
[Source "ChessBase"]
[SourceQuality "1"]
[TimeControl "40/5400+30:1800+30"]

1. e4 e5 2. Nf3 Nc6 3. Bc4 Bc5 4. O-O Nf6 5. d4 Bxd4 6. Nxd4 Nxd4 7. f4 {[%emt 0:03:57]} d6 {[%emt 0:14:20]} 8. fxe5 {[%emt 0:00:21]} dxe5 {[%emt 0:00:04]} 9. Bg5 {[%emt 0:00:13]} Qe7 {[%emt 0:07:32]} 10. Na3 {[%emt 0:01:48]} Rg8 {[%emt 0:01:58]} 11. Qe1 {[%emt 0:04:33]} Be6 {[%emt 0:27:33]} 12. Qa5 {[%emt 0:15:12]} Nc6 {[%emt 0:09:58]} 13. Qa4 {[%emt 0:04:53]} Qc5+ {[%emt 0:02:23]} 14. Kh1 {[%emt 0:01:52]} Bxc4 {[%emt 0:00:41]} 15. Qxc4 {[%emt 0:03:14]} Qxc4 {[%emt 0:00:20]} 16. Nxc4 {[%emt 0:00:05]} Nxe4 {[%emt 0:00:31]} 17. Bh4 {[%emt 0:00:06]} f6 {[%emt 0:01:58]} 18. Rae1 {[%emt 0:00:52]} Nd6 {[%emt 0:01:36]} 19. Ne3 {[%emt 0:00:09]} O-O-O {[%emt 0:02:02]} 20. c3 {[%emt 0:00:32]} Ne7 {[%emt 0:02:19]} 21. g4 {[%emt 0:03:10]} h6 {[%emt 0:00:32]} 22. Re2 {[%emt 0:01:11]} Rd7 {[%emt 0:03:44]} 23. Kg2 {[%emt 0:00:37]} Rgd8 {[%emt 0:00:41]} 24. Kf3 {[%emt 0:01:16]} Nf7 {[%emt 0:03:50]} 25. Nf5 {[%emt 0:02:24]} Nxf5 {[%emt 0:01:11]} 26. gxf5 {[%emt 0:00:02]} Rd2 {[%emt 0:03:25]} 27. Rff2 {[%emt 0:01:41]} Rxe2 {[%emt 0:01:03]} 28. Rxe2 {[%emt 0:01:02]} Nd6 {[%emt 0:02:31]} 29. Kg4 {[%emt 0:00:17]} Rh8 {[%emt 0:05:28]} 30. Rf2 {[%emt 0:02:23]} h5+ {[%emt 0:00:09]} 31. Kh3 {[%emt 0:00:05]} Kd7 {[%emt 0:01:00]} 32. Rf3 {[%emt 0:00:34]} Ke7 {[%emt 0:00:59]} 33. Bf2 {[%emt 0:01:28]} Ne4 {[%emt 0:01:27]} 34. Kh4 {[%emt 0:00:32]} Nxf2 {[%emt 0:00:35]} 35. Rxf2 {[%emt 0:00:01]} Kf7 {[%emt 0:00:15]} 36. Rg2 {[%emt 0:01:43]} Rh6 {[%emt 0:01:21]} 37. Rd2 {[%emt 0:03:14]} g5+ {[%emt 0:00:22]} 38. fxg6+ {[%emt 0:00:55]} Kxg6 {[%emt 0:00:24]} 39. Kg3 {[%emt 0:00:05]} Rh7 {[%emt 0:00:26]} 40. Kf3 {[%emt 0:00:00]} Kf5 {[%emt 0:00:00]} 41. Rd8 {[%emt 0:00:21]} Re7 {[%emt 0:05:16]} 42. c4 {[%emt 0:00:55]} e4+ {[%emt 0:00:52]} 43. Ke3 {[%emt 0:00:04]} Kg4 {[%emt 0:00:36]} 44. Rg8+ {[%emt 0:03:23]} Kh3 {[%emt 0:01:05]} 45. Rf8 {[%emt 0:00:09]} Re6 {[%emt 0:00:47]} 46. Rf7 {[%emt 0:00:27]} Kxh2 47. Rxc7 {[%emt 0:00:41]} f5 {[%emt 0:03:04]} 48. Rf7 {[%emt 0:01:45]} Re5 {[%emt 0:02:15]} 49. Rh7 {[%emt 0:04:33]} Kg3 {[%emt 0:02:16]} 50. Rg7+ {[%emt 0:00:12]} Kh3 {[%emt 0:00:21]} 51. Rxb7 {[%emt 0:00:59]} h4 {[%emt 0:02:26]} 52. Kf4 {[%emt 0:05:51]} Re8 {[%emt 0:01:19]} 53. c5 {[%emt 0:01:11]} Kg2 {[%emt 0:01:20]} 54. c6 {[%emt 0:04:15]} e3 {[%emt 0:00:34]} 0-1

[Event "XXIX Cracovia 2018"]
[Site "Krakow"]
[Date "2018.12.28"]
[Round "2"]
[White "Vojtek, Vladimir"]
[Black "Bus, Konrad"]
[Result "1/2-1/2"]
[WhiteElo "2313"]
[BlackElo "2221"]
[Annotator "NA"]
[PlyCount "81"]
[EventDate "2018.12.27"]
[EventType "swiss"]
[EventCountry "POL"]
[SourceTitle "playchess.com"]
[Source "ChessBase"]
[SourceQuality "1"]
[TimeControl "40/5400+30:1800+30"]

1. b4 d5 {[%emt 0:02:22]} 2. Bb2 {[%emt 0:00:00]} Bg4 {[%emt 0:00:32]} 3. Nf3 {[%emt 0:01:05]} Bxf3 {[%emt 0:00:56]} 4. exf3 {[%emt 0:01:58]} e6 {[%emt 0:00:56]} 5. a3 {[%emt 0:02:33]} Nf6 {[%emt 0:01:37]} 6. Be2 {[%emt 0:06:31]} c5 {[%emt 0:04:29]} 7. bxc5 {[%emt 0:02:11]} Bxc5 {[%emt 0:00:14]} 8. O-O {[%emt 0:00:10]} O-O {[%emt 0:01:44]} 9. d3 {[%emt 0:07:31]} Nc6 {[%emt 0:04:23]} 10. Nd2 {[%emt 0:00:30]} Rc8 {[%emt 0:03:03]} 11. f4 {[%emt 0:13:37]} Nd4 {[%emt 0:08:24]} 12. Nb3 {[%emt 0:09:37]} Nxb3 {[%emt 0:08:33]} 13. cxb3 {[%emt 0:00:08]} Nd7 {[%emt 0:04:53]} 14. Bf3 {[%emt 0:05:42]} g6 {[%emt 0:02:56]} 15. Rc1 {[%emt 0:03:51]} Qb6 {[%emt 0:02:26]} 16. d4 {[%emt 0:19:54]} Bd6 {[%emt 0:01:19]} 17. g3 {[%emt 0:00:28]} Rxc1 {[%emt 0:02:31]} 18. Bxc1 {[%emt 0:00:30]} Rc8 {[%emt 0:02:48]} 19. Re1 {[%emt 0:05:23]} Qc7 {[%emt 0:06:39]} 20. Bb2 {[%emt 0:03:25]} Qc2 {[%emt 0:03:52]} 21. Qxc2 {[%emt 0:00:41]} Rxc2 {[%emt 0:00:02]} 22. Re2 {[%emt 0:00:06]} Rc6 {[%emt 0:01:56]} 23. Rd2 {[%emt 0:04:17]} Ra6 {[%emt 0:03:53]} 24. Rc2 {[%emt 0:05:17]} Kf8 {[%emt 0:07:41]} 25. Bd1 {[%emt 0:01:47]} Ke7 {[%emt 0:02:42]} 26. Kf1 {[%emt 0:00:42]} Kd8 {[%emt 0:04:29]} 27. a4 {[%emt 0:01:01]} Nb8 {[%emt 0:01:57]} 28. Ke2 {[%emt 0:00:26]} Rb6 {[%emt 0:02:04]} 29. Rc1 {[%emt 0:00:54]} Nc6 {[%emt 0:01:39]} 30. Bc3 {[%emt 0:01:37]} Ba3 {[%emt 0:02:34]} 31. Rb1 {[%emt 0:00:38]} Bb4 {[%emt 0:00:23]} 32. Ba1 {[%emt 0:00:26]} Ne7 {[%emt 0:02:25]} 33. Kd3 {[%emt 0:01:12]} Rc6 {[%emt 0:00:34]} 34. Bb2 {[%emt 0:00:10]} Nf5 {[%emt 0:02:53]} 35. Rc1 {[%emt 0:01:04]} Rxc1 {[%emt 0:00:45]} 36. Bxc1 {[%emt 0:00:01]} h5 {[%emt 0:02:04]} 37. Bb2 {[%emt 0:01:20]} Kd7 {[%emt 0:00:44]} 38. Ke2 {[%emt 0:00:44]} a6 {[%emt 0:02:13]} 39. Bc2 {[%emt 0:00:15]} Ba5 {[%emt 0:00:47]} 40. Kd3 {[%emt 0:00:00]} Be1 {[%emt 0:00:00]} 41. Ke2 {[%emt 0:01:55]} 1/2-1/2